书目信息 |
| 题名: |
新版大学生电子设计竞赛硬件电路设计指导
|
|
| 作者: | 陈之勃 , 陈永真 编著 | |
| 分册: | ||
| 出版信息: | 北京 电子工业出版社 2013 |
|
| 页数: | 10,207页 | |
| 开本: | 26cm | |
| 丛书名: | ||
| 单 册: | ||
| 中图分类: | TN702 | |
| 科图分类: | ||
| 主题词: | 电子电路 , 电路设计 , 电子电路--电路设计--竞赛--高等学校--自学参考资料 | |
| 电子资源: | ||
| ISBN: | 978-7-121-20577-4 | |
| 000 | 00986nam0 2200265 450 | |
| 001 | 140503 | |
| 005 | 20140928162254.51 | |
| 010 | @a978-7-121-20577-4@dCNY 39.00 | |
| 100 | @a20130812d2013 em y0chiy50 ea | |
| 101 | 0 | @achi |
| 102 | @aCN@b110000 | |
| 105 | @ay z 000yy | |
| 200 | 1 | @a新版大学生电子设计竞赛硬件电路设计指导@Axin ban da xue sheng dian zi she ji jing sai ying jian dian lu she ji zhi dao@b专著@f陈之勃,陈永真编著 |
| 210 | @a北京@c电子工业出版社@d2013 | |
| 215 | @a10,207页@d26cm | |
| 300 | @a大学生电子设计竞赛指导系列 | |
| 330 | @a本书包括无源元件、有源元件、从晶体管放大器到集成运算放大器、放大器设计、数字控制电路及数字控制与设计、线性电源设计、开关电源设计7章内容。 | |
| 606 | 0 | @a电子电路 |
| 606 | 0 | @a电路设计 |
| 606 | 0 | @a电子电路@x电路设计@x竞赛@x高等学校@j自学参考资料 |
| 690 | @aTN702@v5 | |
| 701 | 0 | @a陈之勃@Achen zhi bo@4编著 |
| 701 | 0 | @a陈永真@Achen yong zhen@f(1956 )@4编著 |
| 801 | 0 | @aCN@bZL@c20140928 |
| 905 | @a241430@dTN702@eC650 | |
| 新版大学生电子设计竞赛硬件电路设计指导/陈之勃,陈永真编著.-北京:电子工业出版社,2013 |
| 10,207页;26cm |
| 大学生电子设计竞赛指导系列 |
| ISBN 978-7-121-20577-4:CNY 39.00 |
| 本书包括无源元件、有源元件、从晶体管放大器到集成运算放大器、放大器设计、数字控制电路及数字控制与设计、线性电源设计、开关电源设计7章内容。 |
| ● |
| 相关链接 |
|
|
|
正题名:新版大学生电子设计竞赛硬件电路设计指导
索取号:TN702/C650
 
预约/预借
| 序号 | 登录号 | 条形码 | 馆藏地/架位号 | 状态 | 备注 |
| 1 | 0835357 | 208353574 | 自科二线404/301自科库 21排3列5层/ [索取号:TN702/C650] | 在馆 | |
| 2 | 0835358 | 208353583 | 自科库301/301自科库 29排1列3层/ [索取号:TN702/C650] | 在馆 | |
| 3 | 0835359 | 208353592 | 自科库301/301自科库 29排1列3层/ [索取号:TN702/C650] | 在馆 |